000 00608 a2200217 4500
005 20260314093246.0
008 260313b |||||||| |||| 00| 0 eng d
020 _a9781032332499
_cRs. 1495.00
040 _aMAIN
082 _a305.2350954
_bD35Y
100 _aSibnath, Dev, ed.
245 _aYouth development in India: Future generations in a changing world
260 _bRoutledge
_c2022
_aNew York
300 _axix, 342
650 _aSociology
650 _aSocial Groups
650 _aYouth in India
700 _aMajumdar, Bishakha, ed.
700 _aSunny, Aleena Maria, ed.
942 _cBK
999 _c394207
_d394207